Представление документа в формате RUSMARC

ПолеНазваниеЗначение
  Тип записи a
  Библиографический уровень a
001 Контрольный номер RU/CBS_UL/BASE/a0aa0bee495245c59b94371b94a6c57f
005 Дата корректировки 20230202152701.8
100 Данные общей обработки __
a Данные общей обработки 20230202 ||| 0rusy0189 ca
101 Язык документа 0_
a Язык текста rus
102 Страна публикации __
a Страна публикации RU
200 Заглавие и сведения об ответственности 1_
a Заглавие Хирургия в древности
e Сведения, относящиеся к заглавию [история хирургии]
f Первые сведения об ответственности В. Пейпиньш
300 Общие примечания __
a Общие примечания 16+
461 Уровень набора _0
1 2000
a Все загадки мира
463 Уровень физической единицы _0
1 2000
a № 9
v С. 26-27
1 2101
d 2022
1 001RU/CBS_UL/BASE/715779794
606 Тематические рубрики 0_
a Основная рубрика Хирургия - История
610 Ключевые слова 0_
a Ключевые слова хирургия
610 Ключевые слова 0_
a Ключевые слова история хирургии
610 Ключевые слова 0_
a Ключевые слова история пластической хирургии
610 Ключевые слова 0_
a Ключевые слова хирурги
610 Ключевые слова 0_
a Ключевые слова древнеегипетские хирурги
610 Ключевые слова 0_
a Ключевые слова хирурги древнеегипетские
610 Ключевые слова 0_
a Ключевые слова древнеиндийские хирурги
610 Ключевые слова 0_
a Ключевые слова хирурги древнеиндийские
610 Ключевые слова 0_
a Ключевые слова древнеримские хирурги
610 Ключевые слова 0_
a Ключевые слова хирурги древнеримские
686 Индексы других классификаций __
a Классификационный индекс
2 Код системы ББК
700 Автор _1
a Фамилия Пейпиньш
b Имя (инициалы) В.
801 Источник записи _0
a Страна RU
b Организация МБУК ЦБС г. Ульяновска
c Дата составления 20230202
g Правила каталогизации RCR
801 Источник записи _1
a Страна RU
b Организация МБУК ЦБС г. Ульяновска
c Дата составления 20230202
g Правила каталогизации RCR
901 Тип документа __
t Тип документа b
w Контрольный № источника RU/CBS_UL/BASE/715779794